| 000 | 01884cam a22003854a 4500 | ||
|---|---|---|---|
| 001 | 14275335 | ||
| 005 | 20080212131856.0 | ||
| 008 | 060223s2006 enka |rb 001 0 eng | ||
| 010 | _a 2006006501 | ||
| 015 |
_aGBA636074 _2bnb |
||
| 016 | 7 |
_a013436959 _2Uk |
|
| 020 | _a0470025964 (cloth : alk. paper) | ||
| 020 |
_a9780470025963 _c(cloth : alk. paper) |
||
| 035 | _a(OCoLC)ocm64591941 | ||
| 040 |
_aDLC _cDLC _dBAKER _dBWKUK _dIXA _dUKM _dOCLCQ _dDLC |
||
| 042 | _apcc | ||
| 050 | 0 | 0 |
_aTK5105.88815 _b.D38 2006 |
| 082 | 0 | 0 |
_a025.04 _222 _bDAV |
| 100 | 1 |
_aDavies, J. _q(N. John) _911742 |
|
| 245 | 1 | 0 |
_aSemantic Web Technologies : _bTrends and Research in Ontology-based Systems / _cJohn Davies, Rudi Studer, Paul Warren. |
| 246 | 3 | 0 | _aTrends and research in ontology-based systems |
| 260 |
_aChichester, England ; _aHoboken, NJ : _bJohn Wiley & Sons, 2006 _cc2006. |
||
| 300 |
_axiii, 312 p. : _bill. ; _c26 cm. |
||
| 504 | _aIncludes bibliographical references and index. | ||
| 650 | 0 |
_aSemantic Web. _911743 |
|
| 700 | 1 |
_aStuder, Rudi. _911744 |
|
| 700 | 1 |
_aWarren, Paul _q(Paul W.) _911745 |
|
| 856 | 4 | 1 |
_3Table of contents only _uhttp://www.loc.gov/catdir/toc/ecip069/2006006501.html |
| 856 | 4 | 2 |
_3Publisher description _uhttp://www.loc.gov/catdir/enhancements/fy0658/2006006501-d.html |
| 856 | 4 | 2 |
_3Contributor biographical information _uhttp://www.loc.gov/catdir/enhancements/fy0741/2006006501-b.html |
| 942 |
_2ddc _cNB |
||
| 999 |
_c13477 _d13477 |
||